[Event "Russian Championship G11 2016"]
[Site "Loo"]
[Date "2016.04.27"]
[Round "8.6"]
[White "Palchun, Polina"]
[Black "Alimova, Dana"]
[Result "1/2-1/2"]
[WhiteElo "1431"]
[BlackElo "1458"]
[PlyCount "171"]
[EventDate "2016.04.20"]

1. d4 d5 2. c4 e6 3. Nc3 c5 4. cxd5 exd5 5. e3 Nf6 6. Nf3 Nc6 7. Bb5 cxd4 8.
exd4 Be7 9. Ne5 Qc7 10. O-O O-O 11. Bxc6 bxc6 12. Bf4 Bd6 13. Rc1 a6 14. Ne2
Bd7 15. Qa4 Rfc8 16. Qd1 Nh5 17. Nxd7 Nxf4 18. Nc5 Nxe2+ 19. Qxe2 Bxh2+ 20. Kh1
Bd6 21. Rc3 Qe7 22. Qg4 Re8 23. Re3 Qf6 24. Rf3 Qg6 25. Qd7 Bxc5 26. dxc5 Qe6
27. Qc7 Rec8 28. Qh2 Qe2 29. Rg1 Qxb2 30. Qf4 Rf8 31. Qh4 Qxa2 32. Rh3 Qc2 33.
Rg3 Qxc5 34. Qg4 g6 35. f4 Qd4 36. Qh4 a5 37. Rh3 Qg7 38. f5 f6 39. fxg6 hxg6
40. Qg4 f5 41. Qg5 a4 42. g4 a3 43. gxf5 Rxf5 44. Qe3 Rf6 45. Rg2 a2 46. Rxa2
Rxa2 47. Qe8+ Qf8 48. Qxg6+ Rxg6 49. Rh8+ Kf7 50. Rxf8+ Ke6 51. Re8+ Kd6 52.
Rd8+ Kc7 53. Rd7+ Kb6 54. Rb7+ Kc5 55. Rb5+ Kc4 56. Rb4+ Kc3 57. Rb3+ Kc2 58.
Rc3+ Kb2 59. Rb3+ Kc1 60. Rb1+ Kd2 61. Rd1+ Ke3 62. Rd3+ Kf4 63. Rf3+ Ke5 64.
Rf5+ Ke6 65. Re5+ Kf6 66. Rf5+ Kg7 67. Rf7+ Kh6 68. Rh7+ Kg5 69. Rh5+ Kg4 70.
Rh4+ Kg3 71. Rh3+ Kf2 72. Rf3+ Ke1 73. Rf1+ Ke2 74. Re1+ Kf2 75. Rf1+ Kg3 76.
Rf3+ Kg4 77. Rf4+ Kh3 78. Rh4+ Kg3 79. Rh3+ Kf2 80. Rf3+ Ke2 81. Re3+ Kf1 82.
Re1+ Kf2 83. Rf1+ Kg3 84. Rf3+ Kg4 85. Rf4+ Kg5 86. Rf5+ 1/2-1/2

[Event "Russian Championship G11 2016"]
[Site "Loo"]
[Date "2016.04.27"]
[Round "8.9"]
[White "Uzintseva, Daria"]
[Black "Surovtseva, Alisa"]
[Result "0-1"]
[WhiteElo "1320"]
[BlackElo "1511"]
[PlyCount "104"]
[EventDate "2016.04.20"]

1. e4 e5 2. Nf3 Nc6 3. d4 exd4 4. Nxd4 Bb4+ 5. c3 Bc5 6. Nxc6 bxc6 7. Bd3 d6 8.
Bf4 Nf6 9. h3 O-O 10. O-O Re8 11. Re1 Be6 12. Nd2 Rb8 13. Rb1 Bxa2 14. Ra1 Be6
15. Qc2 h6 16. Ra6 Bc8 17. Ra4 Bb7 18. Ba6 Bxa6 19. Rxa6 Bb6 20. Be3 Qd7 21.
Rea1 d5 22. Bxb6 axb6 23. f3 Re7 24. Ra8 Rbe8 25. Rxe8+ Qxe8 26. Re1 dxe4 27.
Nxe4 Nxe4 28. Rxe4 Rxe4 29. Qxe4 Qxe4 30. fxe4 Kf8 31. Kf2 Ke7 32. Ke3 Kd6 33.
b3 Ke5 34. g3 f5 35. exf5 Kxf5 36. Kf3 g5 37. Ke3 c5 38. Kf3 c6 39. Ke3 h5 40.
Kf3 h4 41. g4+ Ke5 42. Ke3 b5 43. Kf3 b4 44. cxb4 cxb4 45. Ke3 c5 46. Kd3 Kd5
47. Kd2 Kd4 48. Kc2 c4 49. bxc4 Kxc4 50. Kb2 b3 51. Kb1 Kc3 52. Kc1 Kd3 0-1

[Event "Russian Championship G11 2016"]
[Site "Loo"]
[Date "2016.04.27"]
[Round "8.10"]
[White "Kudryavtseva, Anastasia"]
[Black "Magizova, Yana"]
[Result "0-1"]
[WhiteElo "1243"]
[BlackElo "1490"]
[PlyCount "90"]
[EventDate "2016.04.20"]

1. d4 Nf6 2. Bf4 e6 3. e3 b6 4. Nd2 Bb7 5. h3 Be7 6. Ngf3 d6 7. Bd3 h6 8. c3
Nbd7 9. Bc2 Nh5 10. Bh2 Nhf6 11. Qe2 c5 12. O-O cxd4 13. exd4 O-O 14. Rfe1 Rc8
15. Qd3 Re8 16. Rad1 Nf8 17. Bb3 Nd5 18. c4 Nb4 19. Qe2 d5 20. a3 dxc4 21. Bxc4
Nd5 22. Ne5 Bd6 23. Bb5 Re7 24. Ndc4 Bxe5 25. Bxe5 a6 26. Nd6 axb5 27. Nxc8
Qxc8 28. Qxb5 Qc2 29. Rc1 Qg6 30. f3 Rd7 31. Qe2 Rd8 32. Rc2 Nd7 33. Bh2 N7f6
34. Qf2 Nh5 35. Rd2 Rc8 36. Kh1 Nhf4 37. Red1 Nh5 38. f4 Ne7 39. Kg1 Nf5 40. g4
Nf6 41. Re1 Ne4 42. Qe2 Nxd2 43. Qxd2 Nh4 44. f5 exf5 45. Qe2 Nf3+ 0-1

[Event "Russian Championship G11 2016"]
[Site "Loo"]
[Date "2016.04.27"]
[Round "8.11"]
[White "Shirokova, Sofiya"]
[Black "Smagulova, Zhanbota"]
[Result "1/2-1/2"]
[WhiteElo "1408"]
[BlackElo "1289"]
[PlyCount "108"]
[EventDate "2016.04.20"]

1. e4 e5 2. Bc4 Bc5 3. Nf3 Nc6 4. O-O Nf6 5. d3 h6 6. Nc3 O-O 7. Be3 Bb6 8.
Bxb6 axb6 9. Nd5 d6 10. Nxf6+ Qxf6 11. c3 Bg4 12. h3 Bxf3 13. Qxf3 Qxf3 14.
gxf3 Ne7 15. Bb3 Ng6 16. d4 Nf4 17. Kh2 Rfd8 18. Rad1 g5 19. Rd2 Kf8 20. Kg3
exd4 21. cxd4 c5 22. Kh2 b5 23. a3 c4 24. Bc2 c3 25. bxc3 Rxa3 26. Rb1 Rxc3 27.
Bd1 d5 28. e5 Ke7 29. Rxb5 Rd7 30. Rb6 Ne6 31. Be2 Rc6 32. Rbb2 Rdc7 33. h4 Nf4
34. hxg5 hxg5 35. Kg3 f5 36. Rd1 Rh6 37. Bf1 Kd8 38. Ra1 b6 39. Ra8+ Ke7 40.
Rg8 Ng6 41. Rg7+ Kd8 42. Rxc7 Kxc7 43. Rc2+ Kb7 44. Bh3 Ne7 45. Bg2 Rh4 46. Bf1
Rxd4 47. Bb5 Rb4 48. Bd7 Rc4 49. Rd2 Rc5 50. Be6 b5 51. Kg2 Kb6 52. Ra2 Nc8 53.
Kf1 d4 54. Ke2 b4 {далее запись неразбор~~ива} 1/2-1/2

[Event "Russian Championship G11 2016"]
[Site "Loo"]
[Date "2016.04.27"]
[Round "8.13"]
[White "Trofanchuk, Aksinia"]
[Black "Shvedova, Alexandra"]
[Result "0-1"]
[WhiteElo "1320"]
[BlackElo "1410"]
[PlyCount "88"]
[EventDate "2016.04.20"]

1. e4 e5 2. Nc3 Nf6 3. f4 d5 4. fxe5 Nxe4 5. Nf3 Nxc3 6. bxc3 c5 7. d4 c4 8. g3
Be7 9. Bg2 Be6 10. O-O O-O 11. Rb1 b6 12. Nd2 Qc8 13. Qe2 Nc6 14. Qf3 b5 15.
Rxb5 Qa6 16. Rb2 Ba3 17. Rb1 Bxc1 18. Rfxc1 Qxa2 19. Ra1 Qb2 20. Qe3 Qb6 21.
Rcb1 Qc7 22. Qf3 Rfc8 23. Ra6 Rcb8 24. Rc1 Rb6 25. Rxb6 Qxb6 26. Rb1 Qc7 27.
Rb5 a5 28. Rc5 Qb6 29. Nxc4 dxc4 30. Rxc6 Qb1+ 31. Bf1 Qb7 32. Rc8+ Qxc8 33.
Qe4 a4 34. d5 Qc5+ 35. Qd4 Qxd4+ 36. cxd4 Bxd5 37. Kf2 a3 38. Ke3 a2 39. Kd2
c3+ 40. Kd3 a1=Q 41. Be2 Kf8 42. h3 Qg1 43. g4 Qg3+ 44. Bf3 Qxf3# 0-1

[Event "Russian Championship G11 2016"]
[Site "Loo"]
[Date "2016.04.27"]
[Round "8.16"]
[White "Pakhomova, Tatyana"]
[Black "Yusupova, Elina"]
[Result "1-0"]
[WhiteElo "1508"]
[BlackElo "1243"]
[PlyCount "73"]
[EventDate "2016.04.20"]

1. d4 d5 2. c4 e5 3. dxe5 d4 4. Nf3 Nc6 5. a3 Bf5 6. Nbd2 Nge7 7. Nb3 Ng6 8.
Nbxd4 Nxd4 9. Qxd4 Qe7 10. Bg5 Qc5 11. e3 Qc6 12. Be2 Bc5 13. Qc3 O-O 14. O-O
Rfe8 15. Nd4 Qe4 16. b4 Bxd4 17. Qxd4 Rxe5 18. Bf3 Qxd4 19. exd4 Ree8 20. Bxb7
Rab8 21. Bd5 Re2 22. Be3 Rb2 23. Rfd1 Ne7 24. Bf3 Nc8 25. Bf4 Nd6 26. Bxd6 cxd6
27. c5 Rc8 28. cxd6 Rcc2 29. Be4 Rxf2 30. Rf1 Rxf1+ 31. Rxf1 Bd7 32. Bd5 Rd2
33. Bxf7+ Kh8 34. Be8 g6 35. Rf8+ Kg7 36. Rf7+ Kg8 37. Rxd7 1-0

[Event "Russian Championship G11 2016"]
[Site "Loo"]
[Date "2016.04.27"]
[Round "8.17"]
[White "Badmaeva, Elzjata"]
[Black "Vlasova, Olesia"]
[Result "1-0"]
[WhiteElo "1477"]
[BlackElo "1155"]
[PlyCount "77"]
[EventDate "2016.04.20"]

1. e4 c5 2. c3 e6 3. d4 d5 4. exd5 exd5 5. Nf3 Nc6 6. Be2 Nf6 7. Bg5 c4 8. Nbd2
Bd6 9. Qc2 Be6 10. h3 Qe7 11. b3 cxb3 12. axb3 O-O 13. O-O Rac8 14. Qb2 Bxh3
15. Rfe1 Be6 16. c4 Qc7 17. Bxf6 gxf6 18. cxd5 Bxd5 19. Rac1 Rce8 20. Bc4 Rxe1+
21. Rxe1 Bxf3 22. Nxf3 Kh8 23. Qc2 Qd7 24. Qe4 Bb4 25. Re3 Bd6 26. Bd3 f5 27.
Qh4 Be7 28. Ng5 Bxg5 29. Qxg5 Qxd4 30. Qxf5 Qa1+ 31. Kh2 Qg7 32. Rg3 Qh6+ 33.
Rh3 Qd6+ 34. g3 Qg6 35. Qc5 Qg7 36. Rxh7+ Qxh7+ 37. Bxh7 Re8 38. Bd3 Rd8 39.
Be4 1-0

[Event "Russian Championship G11 2016"]
[Site "Loo"]
[Date "2016.04.27"]
[Round "8.18"]
[White "Lubarskaya, Regina"]
[Black "Maikovets, Yana"]
[Result "0-1"]
[WhiteElo "1391"]
[BlackElo "1099"]
[PlyCount "78"]
[EventDate "2016.04.20"]

1. e4 c5 2. Nf3 d6 3. d4 cxd4 4. Nxd4 Nf6 5. Nc3 a6 6. Be3 e5 7. Nf3 Be6 8. h3
Be7 9. Qd2 Nbd7 10. Bd3 O-O 11. Nd5 Bxd5 12. exd5 e4 13. h4 exd3 14. Qxd3 Ne5
15. Nxe5 dxe5 16. O-O-O Qd6 17. f3 Rfd8 18. Bg5 Qxd5 19. Bxf6 Qxd3 20. Rxd3
Rxd3 21. cxd3 Bxf6 22. g4 Rd8 23. Kd2 g6 24. g5 Bg7 25. Re1 f6 26. Re4 fxg5 27.
hxg5 Rf8 28. Ke3 Rf4 29. b3 Rf5 30. Rg4 Bf8 31. Ke4 Be7 32. f4 exf4 33. Rxf4
Rxf4+ 34. Kxf4 Kf7 35. d4 Ke6 36. a4 Kd5 37. Kg4 Kxd4 38. Kf4 Kc3 39. b4 Kxb4
0-1

[Event "Russian Championship G13 1st league 2016"]
[Site "Loo"]
[Date "2016.04.27"]
[Round "8.1"]
[White "Shestakova, Ekaterina"]
[Black "Artiukhova, Elizaveta"]
[Result "1-0"]
[WhiteElo "1740"]
[BlackElo "1443"]
[PlyCount "139"]
[EventDate "2016.04.20"]

1. e4 c5 2. c3 Nf6 3. e5 Nd5 4. d4 cxd4 5. cxd4 Nc6 6. Nf3 e6 7. Nc3 Nxc3 8.
bxc3 d6 9. exd6 Bxd6 10. Bd3 O-O 11. O-O Re8 12. Re1 h6 13. Bc2 Ne7 14. Qd3 Ng6
15. h4 Bd7 16. h5 Nf8 17. Ne5 Bxe5 18. Rxe5 Bc6 19. Ba3 Qh4 20. Rae1 a6 21.
R1e3 f6 22. Rh3 Qf4 23. Ree3 f5 24. Bb3 Be4 25. Qe2 Qb8 26. Qe1 Qc8 27. Re2 Qc6
28. Qf1 f4 29. Bxf8 Kxf8 30. Qc1 Bd5 31. Qxf4+ Kg8 32. Rg3 Kh8 33. Qe5 Qd7 34.
c4 Bc6 35. Rg6 Rad8 36. Rxh6+ Kg8 37. Rg6 Kh8 38. h6 Rg8 39. hxg7+ Rxg7 40.
Rxg7 Qxg7 41. Qxg7+ Kxg7 42. Rxe6 Rxd4 43. Kh2 Rd2 44. Kg3 Rd3+ 45. Re3 Rd6 46.
f3 Rg6+ 47. Kf2 Rd6 48. g4 Rd4 49. Kg3 Rd6 50. f4 Rd2 51. Kh4 Rd6 52. f5 Kh7
53. Re7+ Kh8 54. g5 Rd4+ 55. Kh5 Rd2 56. Kg6 Rd6+ 57. f6 a5 58. Rh7+ Kg8 59.
c5+ Rd5 60. f7+ Kf8 61. Rh8+ Ke7 62. f8=Q+ Ke6 63. Qf6+ Kd7 64. Rh7+ Kc8 65.
Bxd5 Be8+ 66. Bf7 Kb8 67. Qd8+ Ka7 68. Qb6+ Kb8 69. Bxe8 a4 70. Qxb7# 1-0

[Event "Russian Championship G13 1st league 2016"]
[Site "Loo"]
[Date "2016.04.27"]
[Round "8.2"]
[White "Karelina, Viktoriya"]
[Black "Kombar, Mariya"]
[Result "1/2-1/2"]
[WhiteElo "1673"]
[BlackElo "1497"]
[PlyCount "120"]
[EventDate "2016.04.20"]

1. e4 c5 2. Nf3 d6 3. d4 cxd4 4. Nxd4 Nf6 5. Nc3 Nc6 6. f3 g6 7. Be3 Bg7 8. Qd2
Bd7 9. g4 h6 10. O-O-O a6 11. h4 Qc7 12. Be2 Nxd4 13. Bxd4 Bc6 14. g5 Nh5 15.
Bxg7 Nxg7 16. Qd4 e5 17. Qd2 hxg5 18. hxg5 Rxh1 19. Rxh1 O-O-O 20. Bc4 Nh5 21.
Bb3 Nf4 22. Kb1 Qe7 23. Nd5 Bxd5 24. Bxd5 Qxg5 25. Bxf7 Qg2 26. Qxg2 Nxg2 27.
Bxg6 Rf8 28. Bh5 Kc7 29. Rg1 Nf4 30. Bg4 Rg8 31. Rh1 Rg7 32. a3 Kc6 33. Ka2 Ne2
34. c3 Ng3 35. Rd1 Nxe4 36. Be6 Nc5 37. Bd5+ Kc7 38. Rd2 Nd7 39. Kb3 Nb6 40.
Be4 Rf7 41. Rd3 Nd7 42. Rd2 Nc5+ 43. Kc2 Nxe4 44. fxe4 Rf3 45. Re2 Kc6 46. Kd2
d5 47. exd5+ Kxd5 48. b3 e4 49. Rh2 Rf5 50. Rg2 Ke5 51. Rg7 b5 52. Rg3 Kf4 53.
Rg6 Kf3 54. Rd6 Kf2 55. Re6 Rd5+ 56. Kc2 e3 57. Rf6+ Kg3 58. Rxa6 e2 59. Re6
Kf2 60. Rf6+ Ke3 1/2-1/2

[Event "Russian Championship G13 1st league 2016"]
[Site "Loo"]
[Date "2016.04.27"]
[Round "8.3"]
[White "Semenova, Daria"]
[Black "Kokueva, Alisa"]
[Result "0-1"]
[WhiteElo "1441"]
[BlackElo "1512"]
[PlyCount "134"]
[EventDate "2016.04.20"]

1. d4 d5 2. Nf3 Nf6 3. c4 e6 4. g3 c5 5. cxd5 exd5 6. Nc3 Nc6 7. Bg2 b6 8. b3
g6 9. Bb2 Bg7 10. O-O O-O 11. Ba3 Re8 12. e3 Ne4 13. Ne2 Ba6 14. Rc1 Qd6 15.
Re1 Rac8 16. Nf4 Red8 17. Nd2 Nf6 18. Nf3 Nb4 19. Bxb4 cxb4 20. Bh3 Rxc1 21.
Qxc1 Bh6 22. Ng2 Ne4 23. Ne5 Bb5 24. Qd1 Nc3 25. Qf3 f6 26. Ng4 Bg7 27. e4 dxe4
28. Qe3 Qxd4 29. Qf4 Ne2+ 30. Rxe2 Bxe2 31. N2e3 Qa1+ 32. Nf1 Bxf1 33. Bxf1 f5
34. Ne3 Qe5 35. Qg5 Bf6 36. Qh6 b5 37. Kg2 a6 38. Be2 Rd2 39. Nc4 bxc4 40. Qxd2
c3 41. Bc4+ Kg7 42. Qc1 Qd4 43. Be2 h6 44. Bxa6 Bg5 45. Qa1 Qd2 46. Bf1 Be3 47.
Kh3 Bxf2 48. a3 e3 49. axb4 e2 50. Bxe2 Kh7 51. Bf1 c2 52. Qf6 Qd7 53. Qc3 f4+
54. Kg2 Qb7+ 55. Kh3 f3 56. Qd2 Qc8+ 57. g4 h5 58. Qf4 Qxg4+ 59. Qxg4 hxg4+ 60.
Kxg4 c1=Q 61. Bc4 Qe3 62. b5 Qe4+ 63. Kg5 Be3+ 64. Kf6 Bd4+ 65. Kf7 f2 66. Kf8
Bc5+ 67. Kf7 Qe7# 0-1

[Event "Russian Championship G13 1st league 2016"]
[Site "Loo"]
[Date "2016.04.27"]
[Round "8.4"]
[White "Pogorelskikh, Sofia"]
[Black "Korobitsyna, Olesya"]
[Result "1-0"]
[WhiteElo "1686"]
[BlackElo "1607"]
[PlyCount "93"]
[EventDate "2016.04.20"]

1. e4 g6 2. d4 Bg7 3. Nc3 d6 4. Be3 Nf6 5. f3 O-O 6. Qd2 Nbd7 7. O-O-O a6 8.
Bh6 c5 9. Bxg7 Kxg7 10. g4 Qc7 11. h4 h6 12. g5 Nh5 13. Nd5 Qd8 14. Nf4 Nxf4
15. gxh6+ Kh7 16. Qxf4 cxd4 17. Nh3 Nf6 18. Ng5+ Kh8 19. e5 dxe5 20. Qxe5 Qd6
21. Qxd6 exd6 22. Rxd4 Ne8 23. Bc4 Be6 24. Nxe6 fxe6 25. Bxe6 Nc7 26. Bg4 Nb5
27. Rd5 Rad8 28. h5 gxh5 29. Rhxh5 Nc7 30. Rdf5 b6 31. Rxf8+ Rxf8 32. Rf5 Ne6
33. Rxf8+ Nxf8 34. Bf5 Nh7 35. Bxh7 Kxh7 36. Kd2 Kxh6 37. Ke3 Kg6 38. Ke4 Kf6
39. Kd5 Ke7 40. f4 b5 41. f5 Kf6 42. Kxd6 Kxf5 43. Kc5 Ke4 44. Kb6 Ke3 45. Kxa6
Kd2 46. Kxb5 Kxc2 47. b4 1-0

[Event "Russian Championship G13 1st league 2016"]
[Site "Loo"]
[Date "2016.04.27"]
[Round "8.5"]
[White "Batarova, Alina"]
[Black "Safronova, Aleksandra"]
[Result "0-1"]
[WhiteElo "1503"]
[BlackElo "1686"]
[PlyCount "82"]
[EventDate "2016.04.20"]

1. e4 c5 2. Nf3 Nc6 3. d4 cxd4 4. Nxd4 Nf6 5. Nc3 e5 6. Ndb5 d6 7. Nd5 Nxd5 8.
exd5 Nb8 9. c4 Bf5 10. Be2 Be7 11. c5 O-O 12. cxd6 Bxd6 13. O-O a6 14. Nxd6
Qxd6 15. Qb3 Qc7 16. Be3 Rc8 17. Rac1 Qd7 18. Rxc8+ Qxc8 19. Rc1 Qd7 20. Bb6
Qe7 21. Rc7 Nd7 22. Rxb7 Rc8 23. Bc4 Qg5 24. Be3 Qg4 25. Bf1 h5 26. Qb4 Qd1 27.
Qd2 Qb1 28. Rb3 Rc2 29. Qa5 Re2 30. Qxa6 Re1 31. Bd2 Rd1 32. Be3 Kh7 33. Qe2
Nf6 34. f3 Nxd5 35. a4 Bc2 36. Ra3 Nb4 37. a5 Bd3 38. Rxd3 Nxd3 39. a6 Re1 40.
a7 Rxe2 41. a8=Q Qxf1+ 0-1

[Event "Russian Championship G13 1st league 2016"]
[Site "Loo"]
[Date "2016.04.27"]
[Round "8.6"]
[White "Surkova, Ekaterina"]
[Black "Larina, Tatiana"]
[Result "0-1"]
[WhiteElo "1482"]
[BlackElo "1666"]
[PlyCount "100"]
[EventDate "2016.04.20"]

1. e4 e6 2. d3 d5 3. Nd2 Nf6 4. Qe2 Bc5 5. g3 O-O 6. Bg2 Nc6 7. Ngf3 Nb4 8. Nb3
Bb6 9. O-O dxe4 10. dxe4 Qe7 11. Bf4 Nc6 12. e5 Nd5 13. Qd2 Nxf4 14. Qxf4 h6
15. Qe4 Bd7 16. a3 Rfd8 17. h4 Be8 18. g4 a5 19. g5 h5 20. Qf4 a4 21. Nbd2 Nd4
22. Nxd4 Rxd4 23. Ne4 Bc6 24. c3 Rdd8 25. Qg3 Bxe4 26. Bxe4 c6 27. g6 Ra5 28.
gxf7+ Qxf7 29. Qg5 Rf8 30. Qg3 Qf4 31. Qxf4 Rxf4 32. Bd3 Rxe5 33. Kg2 Rxh4 34.
Rae1 Rg5+ 35. Kf3 Rh3+ 36. Ke2 Re5+ 37. Kd2 Rxe1 38. Rxe1 Rf3 39. Rxe6 Rxf2+
40. Kc1 Kf7 41. Re4 g5 42. Rxa4 g4 43. Ra8 Be3+ 44. Kb1 g3 45. Ka2 g2 46. Bc4+
Kf6 47. Rg8 h4 48. Rf8+ Ke5 49. Re8+ Kf4 50. Rg8 h3 0-1

[Event "Russian Championship G13 1st league 2016"]
[Site "Loo"]
[Date "2016.04.27"]
[Round "8.7"]
[White "Vorobieva, Varvara"]
[Black "Tinina, Kristina"]
[Result "1/2-1/2"]
[WhiteElo "1480"]
[BlackElo "1595"]
[PlyCount "56"]
[EventDate "2016.04.20"]

1. e4 c5 2. c3 Nf6 3. e5 Nd5 4. d4 cxd4 5. cxd4 Nc6 6. Nf3 d6 7. exd6 Qxd6 8.
Bd2 Bg4 9. Bc3 a6 10. Be2 g6 11. Nbd2 Bg7 12. O-O O-O 13. h3 Bf5 14. Nc4 Qc7
15. Ne3 Nxc3 16. bxc3 Bd7 17. Qb3 e6 18. Rfd1 Rac8 19. Qb2 Ne7 20. Rac1 Bc6 21.
a3 Rfd8 22. Rd3 Be4 23. Rdd1 Qa5 24. Nc4 Qc7 25. Ne3 Qa5 26. Nc4 Qc7 27. Ne3
Qa5 28. Nc4 Qc7 1/2-1/2

[Event "Russian Championship G13 1st league 2016"]
[Site "Loo"]
[Date "2016.04.27"]
[Round "8.8"]
[White "Zavgorodneva, Ekaterina"]
[Black "Shubina, Ekaterina"]
[Result "1/2-1/2"]
[WhiteElo "1531"]
[BlackElo "1469"]
[PlyCount "116"]
[EventDate "2016.04.20"]

1. e4 c5 2. Nf3 Nc6 3. d4 cxd4 4. Nxd4 g6 5. c4 Bg7 6. Be3 Nf6 7. Nc3 O-O 8.
Be2 d6 9. O-O Bd7 10. Qd2 Re8 11. Rac1 Ng4 12. Bxg4 Bxg4 13. f4 Bd7 14. f5 Ne5
15. Qe2 h5 16. h3 Nc6 17. Qd2 Qc8 18. Nxc6 Bxc6 19. Nd5 Qd7 20. Bd4 Bxd5 21.
Bxg7 Kxg7 22. Qd4+ f6 23. cxd5 g5 24. Rc3 b6 25. Rfc1 Rec8 26. Rxc8 Rxc8 27.
Rxc8 Qxc8 28. Qc3 Qxc3 29. bxc3 b5 30. g4 hxg4 31. hxg4 Kf7 32. Kf2 Ke8 33. Ke3
Kd7 34. c4 b4 35. Kd4 Kc7 36. c5 dxc5+ 37. Kxc5 Kd7 38. Kxb4 Kd6 39. a4 Ke5 40.
Kc5 Kxe4 41. d6 exd6+ 42. Kxd6 Kf4 43. Ke6 Kxg4 44. Kxf6 Kh4 45. Ke6 g4 46. f6
g3 47. f7 g2 48. f8=Q g1=Q 49. Qh8+ Kg3 50. Qg8+ Kf2 51. Qxg1+ Kxg1 52. a5 Kf2
53. a6 Ke3 54. Kd5 Kf4 55. Kc6 Ke5 56. Kb7 Kd6 57. Kxa7 Kc7 58. Ka8 Kc8 1/2-1/2

[Event "Russian Championship G13 1st league 2016"]
[Site "Loo"]
[Date "2016.04.27"]
[Round "8.9"]
[White "Vityugova, Yaroslava"]
[Black "Garafutdinova, Diana"]
[Result "0-1"]
[WhiteElo "1386"]
[BlackElo "1530"]
[PlyCount "92"]
[EventDate "2016.04.20"]

1. e4 c5 2. c3 e6 3. d4 cxd4 4. cxd4 Nc6 5. Nf3 a6 6. Nc3 Bb4 7. Bd3 Nge7 8.
O-O Ng6 9. Be3 O-O 10. a3 Bd6 11. e5 Be7 12. Ne4 d5 13. Ng3 b5 14. b4 Bb7 15.
Rc1 Rc8 16. Nd2 Qb6 17. Nb3 a5 18. Nc5 Rfd8 19. bxa5 Nxa5 20. Bd2 Bxc5 21. dxc5
Qa7 22. Bg5 Re8 23. Bxb5 Rxc5 24. Qa4 Rxc1 25. Rxc1 Ra8 26. Be3 Qb8 27. Qc2
Nxe5 28. Bd4 Ng6 29. Qb2 e5 30. Bb6 Ba6 31. Bxa5 Qxb5 32. Qxb5 Bxb5 33. Bb4 Nf4
34. Rc5 Ba6 35. Ra5 g6 36. Bd2 Rb8 37. h3 Rb1+ 38. Kh2 Bc4 39. Ra8+ Kg7 40. a4
d4 41. Rd8 Rb2 42. Ne4 Ne6 43. Rd6 Bd3 44. Bc1 Rc2 45. Ba3 Bxe4 46. Kg3 Rc3+
0-1

[Event "Russian Championship G13 1st league 2016"]
[Site "Loo"]
[Date "2016.04.27"]
[Round "8.10"]
[White "Mikhailina, Elena"]
[Black "Lukianchenko, Alisa"]
[Result "1-0"]
[WhiteElo "1529"]
[BlackElo "1349"]
[PlyCount "95"]
[EventDate "2016.04.20"]

1. e4 e5 2. Nf3 Nc6 3. Bb5 Nf6 4. d3 d6 5. O-O Be7 6. Re1 O-O 7. c3 Bg4 8. Nbd2
a6 9. Ba4 h6 10. h3 Be6 11. Nf1 Nd7 12. Ng3 Bf6 13. d4 exd4 14. cxd4 d5 15. e5
Be7 16. Bc2 Bb4 17. Qd3 g6 18. Re2 Re8 19. Bxh6 Nf8 20. Bg5 Be7 21. Bxe7 Nxe7
22. Rc1 Bd7 23. Ree1 Bb5 24. Qd2 Ne6 25. Ng5 Nc6 26. Nxe6 Rxe6 27. a4 Bxa4 28.
Bxa4 b5 29. Bb3 a5 30. Rc5 a4 31. Bxd5 Re7 32. Bxc6 Rb8 33. Rxb5 Rxb5 34. Bxb5
c5 35. d5 Qb6 36. Bxa4 Ra7 37. Bc2 Qxb2 38. d6 Rd7 39. Qc1 Qd4 40. Qe3 Qxe3 41.
Rxe3 c4 42. Ba4 Rd8 43. d7 Kf8 44. Rc3 Ke7 45. Rxc4 f6 46. exf6+ Kxf6 47. Rc8
Rxd7 48. Bxd7 1-0

[Event "Russian Championship G13 1st league 2016"]
[Site "Loo"]
[Date "2016.04.27"]
[Round "8.11"]
[White "Semenova, Dariya"]
[Black "Emelyanenko, Marina"]
[Result "1-0"]
[WhiteElo "1511"]
[BlackElo "1451"]
[PlyCount "63"]
[EventDate "2016.04.20"]

1. e4 Nc6 2. Nf3 d5 3. exd5 Qxd5 4. Nc3 Qa5 5. d4 Bg4 6. Be2 O-O-O 7. Be3 Nf6
8. a3 Qh5 9. h3 e6 10. Qd2 Bc5 11. O-O-O Bxf3 12. Bxf3 Qg6 13. Bxc6 bxc6 14.
Qe2 Bb6 15. Qa6+ Kb8 16. Rhg1 Rd7 17. Kb1 Rhd8 18. Na4 e5 19. Rd3 exd4 20. Rb3
Ne4 21. Bf4 Nd6 22. Re1 Qf6 23. g3 g5 24. Be5 Qxf2 25. Rf1 Qg2 26. Nc5 Re7 27.
Bf6 Re2 28. Rc1 Rc8 29. Bxd4 Qh2 30. Nd7+ Ka8 31. Nxb6+ cxb6 32. Bxb6 1-0

[Event "Russian Championship G13 1st league 2016"]
[Site "Loo"]
[Date "2016.04.27"]
[Round "8.12"]
[White "Izbekova, Evdokia"]
[Black "Sidorova, Alyona"]
[Result "1-0"]
[WhiteElo "1509"]
[BlackElo "1375"]
[PlyCount "145"]
[EventDate "2016.04.20"]

1. e4 e5 2. Nf3 Nc6 3. Bb5 Nf6 4. O-O Bc5 5. c3 d6 6. d4 exd4 7. cxd4 Bb4 8. a3
Ba5 9. b4 Bb6 10. d5 a6 11. Ba4 Bd7 12. dxc6 bxc6 13. Nc3 O-O 14. Bg5 h6 15.
Bxf6 Qxf6 16. Rc1 Rad8 17. Qd3 a5 18. Bc2 Qe7 19. Rfe1 g6 20. Na4 axb4 21. Nxb6
cxb6 22. axb4 Kh7 23. Rcd1 d5 24. exd5 Qxb4 25. Qb3 Qc5 26. dxc6 Be6 27. Qb2
Rxd1 28. Rxd1 Qxc6 29. Nd4 Qc7 30. Qc1 Rc8 31. Qe3 Re8 32. Qg3 Qc5 33. h3 b5
34. Qf4 Bc4 35. Bd3 Re7 36. Rc1 Qd5 37. Bxc4 bxc4 38. Nf3 Re4 39. Qd2 Qc5 40.
Qc3 Re2 41. Qd4 Qf5 42. Re1 Qc2 43. Rxe2 Qxe2 44. Qc3 Qd1+ 45. Kh2 Qd6+ 46. g3
Qc6 47. Ne5 Qf6 48. f4 Qb6 49. Qxc4 Qf2+ 50. Kh1 Qe1+ 51. Kg2 Qd2+ 52. Kf3 Qd1+
53. Ke3 Qe1+ 54. Kf3 Qh1+ 55. Ke2 Qg2+ 56. Kd1 Qg1+ 57. Kc2 Qf2+ 58. Kb1 Qe1+
59. Kb2 Qd2+ 60. Kb3 Qd1+ 61. Kb4 Qe1+ 62. Kc5 Qe3+ 63. Kc6 Kh8 64. Qxf7 Qe4+
65. Kd6 Qb4+ 66. Kd7 Qb7+ 67. Ke8 Qc8+ 68. Ke7 Qc5+ 69. Kf6 Qd6+ 70. Qe6 Qf8+
71. Kxg6 Qg7+ 72. Kh5 Kh7 73. Qf7 1-0

[Event "Russian Championship G13 1st league 2016"]
[Site "Loo"]
[Date "2016.04.27"]
[Round "8.13"]
[White "Ershova, Margarita"]
[Black "Dedushinskaya, Anna"]
[Result "1-0"]
[WhiteElo "1513"]
[BlackElo "1366"]
[PlyCount "91"]
[EventDate "2016.04.20"]

1. e4 c6 2. d4 d5 3. Nc3 dxe4 4. Nxe4 Nf6 5. Nxf6+ exf6 6. Nf3 Bg4 7. Be2 Bd6
8. O-O O-O 9. h3 Bh5 10. c3 Re8 11. Re1 Qb6 12. Nd2 Bxe2 13. Rxe2 Nd7 14. Ne4
Qc7 15. Nxd6 Qxd6 16. Qe1 Rxe2 17. Qxe2 c5 18. Be3 cxd4 19. Bxd4 Ne5 20. Rd1
Rd8 21. Rd2 Nc6 22. Be3 Qc7 23. Qd1 a6 24. Bf4 Rxd2 25. Qxd2 Ne5 26. b3 h6 27.
c4 g5 28. Bg3 f5 29. Bxe5 Qxe5 30. b4 f4 31. c5 Qe6 32. a4 f3 33. Qd6 Qe1+ 34.
Kh2 Qxf2 35. Qg3 Qxg2+ 36. Qxg2 fxg2 37. Kxg2 Kg7 38. Kf3 f5 39. b5 axb5 40.
axb5 Kf7 41. c6 bxc6 42. b6 h5 43. b7 g4+ 44. hxg4 fxg4+ 45. Kg3 Ke6 46. b8=Q
1-0

[Event "Russian Championship G13 1st league 2016"]
[Site "Loo"]
[Date "2016.04.27"]
[Round "8.14"]
[White "Andreeva, Anastasiia"]
[Black "Pichnenko, Nina"]
[Result "0-1"]
[WhiteElo "1513"]
[BlackElo "1439"]
[PlyCount "46"]
[EventDate "2016.04.20"]

1. c4 Nf6 2. Nc3 g6 3. g3 Bg7 4. Bg2 O-O 5. Nf3 d6 6. e3 e5 7. O-O Nbd7 8. d4
c6 9. b3 Nh5 10. Bb2 f5 11. dxe5 dxe5 12. Qd2 f4 13. exf4 exf4 14. Ne4 fxg3 15.
fxg3 Qb6+ 16. Kh1 Ndf6 17. Nc3 Bf5 18. Nh4 Rad8 19. Qc1 Ng4 20. Na4 Nf2+ 21.
Kg1 Nh3+ 22. Kh1 Qg1+ 23. Rxg1 Nf2# 0-1

[Event "Russian Championship G13 1st league 2016"]
[Site "Loo"]
[Date "2016.04.27"]
[Round "8.15"]
[White "Shagimardanova, Ramilya"]
[Black "Tarielashvili, Diana"]
[Result "1-0"]
[WhiteElo "1413"]
[BlackElo "1441"]
[PlyCount "119"]
[EventDate "2016.04.20"]

1. d4 e6 2. c4 Nf6 3. g3 Bb4+ 4. Bd2 Bxd2+ 5. Nxd2 O-O 6. Bg2 c6 7. Ngf3 d5 8.
O-O Nbd7 9. Rc1 b6 10. cxd5 cxd5 11. Qc2 Ba6 12. Qd1 Rc8 13. Re1 Rxc1 14. Qxc1
Qc8 15. e3 Qxc1 16. Rxc1 Rc8 17. Rxc8+ Bxc8 18. Bf1 Nb8 19. Ne5 Nfd7 20. Ndf3
f6 21. Nd3 Ba6 22. Nf4 Bxf1 23. Kxf1 Kf7 24. Ke2 Nf8 25. Nd2 Ng6 26. Nd3 Ne7
27. Nb1 Nc8 28. Nc3 a6 29. Na4 Ke7 30. Kd2 Kd7 31. Kc3 Kd6 32. b3 Nc6 33. Kd2
Nb8 34. Nf4 Ke7 35. Nd3 Kd6 36. h4 Ke7 37. g4 Kf7 38. f4 g6 39. Ke2 f5 40. Ne5+
Ke7 41. g5 Ke8 42. Kf3 Kf8 43. Kg3 Kg7 44. h5 gxh5 45. Kh4 Kg8 46. Kxh5 Kg7 47.
a3 a5 48. b4 axb4 49. axb4 Ne7 50. Nxb6 Nec6 51. Nbd7 Nxd7 52. Nxc6 Kf7 53. Kh6
Nf8 54. b5 Nd7 55. Kxh7 Nf8+ 56. Kh6 Nd7 57. g6+ Kg8 58. Ne7+ Kf8 59. g7+ Kxe7
60. g8=Q 1-0